I'm a backpacker : Europe

Bibliographic Details
Main Author: Khairul Abdullah
Format: Book
Published: Selangor : Puteh Press , 2016
Subjects:

MARC

LEADER 00000cam a2200000 7i4500
001 0000088097
005 20230125093341.0
008 220322
020 |a 9789673693146 
041 0 |a Malay 
090 0 0 |a 910.4   |b KHA 
100 0 |a Khairul Abdullah 
245 1 0 |a I'm a backpacker :   |b Europe   |c Khairul Abdullah 
260 |a Selangor :   |b Puteh Press ,   |c 2016 
300 |a 230p. :   |b col.ill. ;   |c 19.4cm. 
541 0 |c Purchased on 2021   |f 14/1908 DIAN   |h RM25.00 
650 0 |a Khairul Abdullah   |x Anecdotes 
650 0 |a Travel writing   |x Anecdotes 
999 |a 0001676858   |b Book   |c Adult Collection   |e Perbadanan Perpustakaan Awam Johor